000 00612ned a22001934a 4500
999 _c20296
_d20296
005 20180814141025.0
008 180814s1999 ck ||||| |a|| d | 0 spa d
040 _aCO-BoIAVH
_cCO-BoIAVH
041 0 _aspa
044 _ack
090 _aMC-
_b0364
100 1 _aMendoza Sabogal, Javier Eduardo
_914594
245 0 0 _aMapa de coberturas 1988 La Selva
_h[Material Cartografico] /
_cJavier Eduardo Mendoza S.
255 _a1 : 25000
260 _aBogotá? (Colombia) :
_b[s.e.]
_c1999.
300 _a1 mapa ;
_c39 x 29 cm.
650 2 4 _aCobertura
_zSabana de Bogotá (Colombia)
_vMapa
_9101158
942 _2z
_cMapa